| 000 | 00732nam a2200193 a 4500 | ||
|---|---|---|---|
| 005 | 20140412111350.0 | ||
| 008 | 050421s19uu xx 00 eng d | ||
| 020 | _a0-590-43849-2 | ||
| 050 |
_aM 919.804 _bB35 1992 |
||
| 100 | _aBeattie, Owen | ||
| 245 |
_aBuried in ice / _cby Owen Beattie and John Geiger with Shelley Tanaka. |
||
| 260 |
_aNew York : _bA Scholastic/Madison Press Book, _c1992. |
||
| 300 | _a64 p. ; ill. | ||
| 520 | _aProbes the tragic and mysterious fate of Sir John Franklin's failed expedition to find the Northwest Passage in 1845. | ||
| 650 |
_aNorthwest Passage _xJuvenile literature |
||
| 650 |
_aFranklin, John, Sir 1786-1847 _xJuvenile literature |
||
| 650 | _aVoyages and travels | ||
| 999 |
_c105293 _d105293 |
||